000
00324nam a22001457a 4500
003
OSt
005
20160727222344.0
008
160620b xxu||||| |||| 00| 0 eng d
040
_c
TEST
100
_9
179
_a
Berger, C. F
245
_a
Science
260
_a
Landon
_b
Trans World Pub.
_c
1963
300
_a
SCIENCE
942
_2
ddc
_c
BK
999
_c
147
_d
147